Quiz sur la coupe du monde de football (années 2006 à 2018) - Statistiques

Statistiques générales
  • Ce quiz a été pris 562 fois
  • Le résultat moyen est 10 sur 15
Statistiques - réponses
Question Réponse % Correct
2014-Quel joueur italien se fit mordre en plein match par l'attaquant uruguayen Luis Suarez? Giorgio Chiellini
87%
2010-Alors que son équipe est menée 1-0 en quarts de finale, quel joueur va inscrire un doublé pour permettre à son équipe d'éliminer le Brésil? Wesley Sneijder
87%
2018-Quel record l'Espagne a-t-elle établi lors de sa défaite aux tirs au but contre la Russie, en huitièmes de finale? Plus grand nombre de passes en un match
84%
2010-Contre quelle équipe l'Espagne, le futur vainqueur, a-t-il perdu son 1er match de la compétition? Suisse
82%
2018-Lequel de ces quatre pays était qualifié pour la compétition? Panama
76%
2014-Comment se termina le parcours du Costa Rica, sorti en tête d'un groupe comptant 3 équipes championnes du monde? Eliminés aux tirs aux but par les Pays-Bas, après 120 minutes sans but
74%
2010-Lors du huitième de finale Allemagne-Angleterre, quel joueur anglais se vit refuser un but alors que son lob à l'entrée de la surface avait bien franchi la ligne? Frank Lampard
74%
2006-Qui termina meilleur buteur de la compétition? Miroslav Klose
74%
2018-Comment s'appelle le stade dans lequel la France a soulevé sa 2ème coupe du Monde, en battant la Croatie 4-2? Stade Loujniki
71%
2010-Lequel de ces événements ne s'est pas produit lors de l'affaire du "bus de Knysna", le naufrage collectif de l'Equipe de France? William Gallas met un coup de poing à Yohan Gourcuff, prétextant que celui-ci s'était assis "à sa place" dans le bus
71%
2014-Lequel de ces joueurs n'a PAS marqué lors de la demi-finale Allemagne-Brésil (7-1)? Bastian Schweinsteiger
68%
2014-Quelle est la seule équipe à ne pas avoir perdu son match contre l'Allemagne? Ghana
55%
2006-Quel événement insolite est-il arrivé à Josip Šimunić, lors du match de poules Croatie-Australie? Il a pris 3 cartons jaunes avant de se faire expulser
55%
2006-Combien de joueurs étaient encore présents sur la pelouse à la fin du huitième de finale Portugal-Pays-Bas, resté comme l'un des matchs les plus violents de l'histoire de la Coupe du monde? 18
42%
2018-Combien de buts le joueur français Paul Pogba a-t-il inscrits durant cette compétition? 1
34%
Aucun quiz correspondant
Distribution des résultats
% des personnes avec chaque résultat
Percentile par nombre de réponses
Votre historique - résultats
Vous n’avez pas pris ce quiz